000 02243cam a22004214a 4500
999 _c56765
_d56765
001 13692973
005 20190421020039.0
008 040818s2005 us a b 001 0 eng
010 _a 2004019758
020 _a0198528639 (pbk. : alk. paper)
035 _a(DNLM)101227406
040 _aDNLM/DLC
_cDLC
_dDLC
041 _aeng
042 _apcc
050 0 0 _aRC454
_b.G38 2005
060 1 0 _aWM 140
_bG315p 2005
080 _a616.8(075.8) G-34
082 0 0 _a616.89
_222
100 1 _aGelder, Michael G.
_9251
245 1 0 _aPsychiatry /
_cMichael Gelder, Richard Mayou, John Geddes.
250 _a3rd ed.
260 _aNew York :
_bOxford University Press,
_cc2005.
300 _a333 p. :
_bill. ;
_c25 cm.
440 0 _aOxford medical publications
_9252
440 0 _aOxford core texts
_9253
504 _aIncludes bibliographical references and index.
505 0 _aSigns, symptoms, and diagnosis -- Assessment -- Aetiology and the scientific basis of psychiatry -- Personality and its disorders -- Reactions to stressful experiences -- Anxiety and obsessional disorders -- Physical symptoms not explained by organic pathology -- Mood disorders -- Schizophrenia and related disorders -- Delirium, dementia, and other cognitive disorders -- Psychiatry and medicine -- Eating and sleeping disorders -- Suicide and deliberate self-harm -- Problems due to the use of alcohol and other psychoactive substances -- Problems of sexuality and gender -- Psychiatry of the elderly -- Drugs and other physical treatments -- Psychological treatment -- Mental health care for a community -- Child and adolescent psychiatry -- Learning disability -- Psychiatry and the law.
650 0 _aPsychiatry.
_9254
650 1 2 _aMental Disorders.
_9255
653 _aფსიქიატრია
700 1 _aMayou, Richard.
_9256
700 1 _aGeddes, John,
_cMD.
_9257
856 4 1 _3Table of contents only
_uhttp://www.loc.gov/catdir/toc/ecip0422/2004019758.html
856 4 2 _3Publisher description
_uhttp://www.loc.gov/catdir/enhancements/fy0635/2004019758-d.html
906 _a7
_bcbc
_corignew
_d1
_eecip
_f20
_gy-gencatlg
942 _2udc
_cBK
955 _aNLM
_ajc00 2004-08-20
_aaa01 2004-08-23
_aps08 2005-04-25 1 copy rec'd., to CIP ver.